00330nam a2200133Ia 4500008004100000020001500041041001200056082001600068100002000084245004300104260002500147300000800172650001600180221030s9999 xx 000 0 und d a0070473390 aEnglish a105.23bBal aE. Balagurusamy 0aProgramming in C #cby E. Balagurusamy bTMHaNew Delhic2002 a310 aBE Computer